=LDR 00000nam 2200000 4500 =001 INLIS000000000042926 =005 20201229111650 =035 ##$$a 0010-101300000000848 =008 201229################g##########0#ind## =041 ##$$a ind =082 ##$$a 332.6 =090 ##$$a 332.6, Kus c =100 ##$$a Kusnandar, Rulli =245 1#$$a Cara cerdas berkebun emas /$c Rulli Kusnandar; penyunting, Fatya Permata Anbiya =260 ##$$a Jakarta :$b Transmedia,$c 2010 =300 ##$$a viii,80 hlm, : $b ilus. ; $c 21 x 15 cm. =650 #4$$a Investasi =850 ##$$a NBPNMAT =020 ##$$a 978-979-799-135-7 =084 ##$$a 332.6 KUS c =700 #$$a Anbiya, Fatya Permata =990 ##$$a 21106592 =990 ##$$a 21106591 =990 ##$$a 21106590 =990 ##$$a 21106589 =990 ##$$a 31700353 =990 ##$$a 21106592 =990 ##$$a 21106591 =990 ##$$a 21106590 =990 ##$$a 21106589 =990 ##$$a 31700354 =990 ##$$a 21106592 =990 ##$$a 21106591 =990 ##$$a 31700353 =990 ##$$a 21106590 =990 ##$$a 21106589 =990 ##$$a 21106592 =990 ##$$a 21106591 =990 ##$$a 31700354 =990 ##$$a 31700353 =990 ##$$a 21106590 =990 ##$$a 21106589